000 00386nam a2200157Ia 4500
008 180424s9999 xx 000 0 und d
040 _aPK-NaQUE
100 _a09ME29
100 _aZaheer Khalid
245 0 _aManufacturing of Screw Slotting Machine
260 _aNawabshah
260 _bQUEST
260 _c2009
300 _a84
700 _aDepartment of Mechanical Engineering
999 _c58549
_d58546